MARC details
| 000 -CABECERA |
| campo de control de longitud fija |
02519nab a2200301 a 4500 |
| 005 - FECHA Y HORA DE LA ÚLTIMA TRANSACCIÓN |
| campo de control |
20250924063909.0 |
| 008 - ELEMENTOS DE LONGITUD FIJA--INFORMACIÓN GENERAL |
| campo de control de longitud fija |
991125c2015 sp fr p o 000 0 spa d |
| 035 ## - NÚMERO DE CONTROL DEL SISTEMA |
| Número de control de sistema |
UPN01000212083 |
| 040 ## - FUENTE DE LA CATALOGACIÓN |
| Centro catalogador/agencia de origen |
UPN |
| Lengua de catalogación |
spa |
| Centro/agencia transcriptor |
UPN |
| Normas de descripción |
aacr2 |
| 049 ## - COLECCIÓN |
| Colección |
ART-E |
| 100 1# - ASIENTO PRINCIPAL--NOMBRE PERSONAL |
| Nombre de persona |
Zuleta Orrego, Jorge Iván |
| 100 1# - ASIENTO PRINCIPAL--NOMBRE PERSONAL |
| Filiación |
Jorge.zuleta@uniminuto.edu |
| 245 10 - MENCIÓN DE TÍTULO |
| Título |
Aportes de una ruta de capacitación a la formulación de un plan estratégico de articulación de TIC |
| 506 0# - NOTA DE RESTRICCIONES AL ACCESO |
| Limitaciones de acceso |
Acceso abierto |
| 520 3# - NOTA DE RESUMEN, ETC. |
| Sumario, etc. |
El Colegio Bosques de Sherwood se ha dispuesto para el año 2019, ser reconocida como líder en la articulación de TIC en los procesos pedagógicos. La institución reconoce la importancia que tiene la formulación de un plan que oriente estratégicamente el camino a seguir y para lograr este objetivo, designó al grupo de docentes jefes de área para realizar la formulación de un Plan Estratégico que permita la Articulación de Tecnologías de la Información y la Comunicación (TIC). Debido a que el diagnóstico realizado, arrojó resultados que permitieron inferir que este grupo de docentes jefes de área no reconocen la importancia que tiene la articulación de TIC a los procesos pedagógicos y que no poseían las competencias para realizar dicho trabajo, se dispuso entonces una ruta de capacitación en competencias tecnológicas, que además permitiera sensibilizar al equipo frente a la importancia del uso de las (TIC) en el ámbito formativo; generarando así aportes a la futura formulación de un Plan Estratégico que oriente a la institución en la articulación de Tecnologías de la Información y la Comunicación. Como aportes más significativos, se encontraron posturas y reflexiones que convergen en identificar la necesidad de planes estratégicos, políticas institucionales, rutas de capacitación y sobre todo voluntad institucional. |
| 650 #4 - ASIENTO SECUNDARIO DE MATERIA - TERMINO TEMATICO |
| Término de materia o nombre geográfico como elemento de entrada |
Planificación estratégica |
| 9 (RLIN) |
1106 |
| 650 #4 - ASIENTO SECUNDARIO DE MATERIA - TERMINO TEMATICO |
| Término de materia o nombre geográfico como elemento de entrada |
Tecnologías de la información y comunicación |
| 9 (RLIN) |
21219 |
| 650 #2 - ASIENTO SECUNDARIO DE MATERIA - TERMINO TEMATICO |
| Término de materia o nombre geográfico como elemento de entrada |
Capacitación docente |
| 9 (RLIN) |
5701 |
| 653 0# - TERMINO DE INDIZACION - NO CONTROLADO |
| Término no controlado |
Ambientes de aprendizaje |
| 653 0# - TERMINO DE INDIZACION - NO CONTROLADO |
| Término no controlado |
Competencias tecnológicas |
| 653 0# - TERMINO DE INDIZACION - NO CONTROLADO |
| Término no controlado |
|
| 773 ## - ENLACE AL DOCUMENTO FUENTE/ENTRADA DE REGISTRO ANFITRIÓN |
| Parte(s) relacionada(s) |
Vol. 15, no. 2 (2015), p. 273-297 |
| Título |
Etic@net. Revista científica electrónica de educación y comunicación en la sociedad del conocimiento |
| Número Internacional Normalizado para Publicaciones Seriadas |
1695-324X |
| 856 4# - LOCALIZACIÓN Y ACCESO ELECTRÓNICOS |
| Identificador Uniforme del Recurso |
<a href="https://revistaseug.ugr.es/index.php/eticanet/article/view/11954">https://revistaseug.ugr.es/index.php/eticanet/article/view/11954</a> |
| 856 4# - LOCALIZACIÓN Y ACCESO ELECTRÓNICOS |
| Identificador Uniforme del Recurso |
<a href="https://doi.org/10.30827/eticanet.v15i2.11954">https://doi.org/10.30827/eticanet.v15i2.11954</a> |
| 902 ## - ELEMENTOS DE DATOS B LOCAL, LDB (RLIN) |
| Creó |
Gloria Jiménez/200325 |
| 905 ## - TIPO DE MATERIAL |
| Tipo de material |
Articulo |
| 942 ## - ELEMENTOS DE PUNTO DE ACCESO ADICIONAL (KOHA) |
| Tipo de ítem Koha |
Artículo Electrónico |